Nuclear decay modes ed by D N Poenaru (Record no. 1211621)
[ view plain ]
| 000 -LEADER | |
|---|---|
| fixed length control field | 01102nam a2200301Ia 4500 |
| 003 - CONTROL NUMBER IDENTIFIER | |
| control field | OSt |
| 005 - DATE AND TIME OF LATEST TRANSACTION | |
| control field | 20221007123248.0 |
| 008 - FIXED-LENGTH DATA ELEMENTS--GENERAL INFORMATION | |
| fixed length control field | 221006b |||||||| |||| 00| 0 eng d |
| 020 ## - INTERNATIONAL STANDARD BOOK NUMBER | |
| International Standard Book Number | 0750303387 (hbd) |
| 037 ## - SOURCE OF ACQUISITION | |
| Terms of availability | Textual |
| 040 ## - CATALOGING SOURCE | |
| Original cataloging agency | PAPL |
| Transcribing agency | PAPL |
| Language of cataloging | eng |
| 041 ## - LANGUAGE CODE | |
| Source of code | eng |
| Language code of text/sound track or separate title | eng |
| 100 ## - MAIN ENTRY--PERSONAL NAME | |
| Personal name | Poenaru D N Ed |
| 9 (RLIN) | 716992 |
| 245 #0 - TITLE STATEMENT | |
| Title | Nuclear decay modes ed by D N Poenaru |
| 260 ## - PUBLICATION, DISTRIBUTION, ETC. | |
| Place of publication, distribution, etc. | Bristol |
| Name of publisher, distributor, etc. | Institute of Physics Publishing |
| Date of publication, distribution, etc. | 1996 |
| 300 ## - PHYSICAL DESCRIPTION | |
| Extent | xv, 577p |
| Dimensions | cm. |
| 490 ## - SERIES STATEMENT | |
| Series statement | Fundamental and applied nuclear physics series |
| 500 ## - GENERAL NOTE | |
| General note | Includes bibliographical references; Index 567-577p; ^n23/CSL/Carpa/97-98/6114^d1998-03-17^mPurchase; ; 97-98/445^b1998-03-19^c5487^d1998-03-18^eShankar's Book Agency Pvt Ltd; ; 1998-04-03^bSB^c1998-08-04^dSB^r1998-09-22 |
| 650 ## - SUBJECT ADDED ENTRY--TOPICAL TERM | |
| Topical term or geographic name entry element | Atomic and Molecular |
| 9 (RLIN) | 713510 |
| 650 ## - SUBJECT ADDED ENTRY--TOPICAL TERM | |
| Topical term or geographic name entry element | Nuclear fission |
| 9 (RLIN) | 716993 |
| 650 ## - SUBJECT ADDED ENTRY--TOPICAL TERM | |
| Topical term or geographic name entry element | Physics |
| 942 ## - ADDED ENTRY ELEMENTS (KOHA) | |
| Classification part | C9B3:11, N6 |
| Koha item type | Textual |
| Source of classification or shelving scheme | Colon Classification (CC) |
| Withdrawn status | Lost status | Source of classification or shelving scheme | Damaged status | Not for loan | Home library | Current library | Date acquired | Source of acquisition | Total Checkouts | Full call number | Barcode | Date last seen | Price effective from | Koha item type |
|---|---|---|---|---|---|---|---|---|---|---|---|---|---|---|
| Colon Classification (CC) | Department of Physics and Astrophysics Library | Department of Physics and Astrophysics Library | 2022-10-07 | Shankar, | C9B3:11 N6 | PA0005171 | 2022-10-07 | 2022-10-07 | Textual |
